000 01471nam a2200445 i 4500
001 53274
003 KOSZ 005
005 20211115121416.0
008 070428s2006 pl a |000 0 pol
015 _aUWD 2007/22377
020 _a8374210915
035 _a991033932939705066
035 _a(PL-WaBN)b19077415-48omnis_nlop
035 _ab19077415
035 _a(OCoLC)749136051
035 _azz2007767513
035 _a(PL)b0000001907741
035 _a(EXLNZ-48OMNIS_NETWORK)9910356955505606
040 _aWA N
_cWA N
_dKOSZ 005/HR
046 _k2006
080 _a656.61.073.436-049.5
100 1 _aPopek, Marzenna
_eAutor
245 1 0 _aTowary niebezpieczne w transporcie morskim /
_cMarzenna Popek.
260 _aGdynia :
_bWydawnictwo Akademii Morskiej,
_c2006.
300 _a88 s. :
_bil. ;
_c25 cm.
336 _aTekst
_btxt
_2rdacontent
337 _aBez urządzenia pośredniczącego
_bn
_2rdamedia
338 _aWolumin
_bnc
_2rdacarrier
380 _aKsiążki
388 _a2001-
504 _aBibliogr. s. 87-88.
650 7 _aSubstancje niebezpieczne i szkodliwe
_2DBN
650 7 _aTransport morski
_2DBN
650 7 _aBezpieczeństwo
658 _aTransport i logistyka
710 2 _aWydawnictwo Akademii Morskiej (Gdynia)
_4pbl
856 _uhttp://koha.tu.koszalin.pl/cgi-bin/koha/opac-detail.pl?biblionumber=53274
_yKatalog online BPK
942 _2UKD
_cKS
999 _c53274
_d53274